The legendary glory of Hanuman (Record no. 2852)

MARC details
000 -LEADER
fixed length control field 00659 a2200193 4500
010 ## - LIBRARY OF CONGRESS CONTROL NUMBER
LC control number ENG-85538
020 ## - INTERNATIONAL STANDARD BOOK NUMBER
Terms of availability 200.00
International Standard Book Number 818390002X
035 ## - SYSTEM CONTROL NUMBER
System control number EN-69071
037 ## - SOURCE OF ACQUISITION
Source of stock number/acquisition D.B.Act / Pub
082 14 - DEWEY DECIMAL CLASSIFICATION NUMBER
Classification number 230.1
090 ## - LOCALLY ASSIGNED LC-TYPE CALL NUMBER (OCLC); LOCAL CALL NUMBER (OCLC)
-- 2907
-- 2907
100 1# - MAIN ENTRY--PERSONAL NAME
Personal name Chhawchharia, A. K.
245 1# - TITLE STATEMENT
Title The legendary glory of Hanuman
Statement of responsibility, etc by A. K. Chhawchharia
260 ## - PUBLICATION, DISTRIBUTION, ETC. (IMPRINT)
Place of publication, distribution, etc Delhi
Name of publisher, distributor, etc Abhishek Prakashan
Date of publication, distribution, etc 2006
270 ## - ADDRESS
City 5824, New Chandrawal, (Near Shiv Mandir), Jawahar Nagar
State or province Delhi
Postal code 110 007
Telephone number 011-55175190, 9811167357
300 ## - PHYSICAL DESCRIPTION
Extent 94 p.
Dimensions 22 cm (Hb.)
942 ## - ADDED ENTRY ELEMENTS (KOHA)
Institution code [OBSOLETE] dpl
Koha item type English Books
Call number prefix 230.1 / CHH
Holdings
Withdrawn status Lost status Source of classification or shelving scheme Damaged status Not for loan Collection code Home library Current library Source of acquisition Cost, normal purchase price Total Checkouts Full call number Barcode Date last seen Copy number Uniform Resource Identifier Cost, replacement price Price effective from Koha item type
    Dewey Decimal Classification   Not For Loan Non-fiction D.B.Act.Division D.B.Act.Division DBAD/PUB 200.00   230.1 EN-69071 15/09/2008 1 3041 200.00 15/09/2008 English Books

© Delhi Public Library
Hit Counter
free hit counter